| 000 | 00780nam a22002177a 4500 | ||
|---|---|---|---|
| 008 | 161118b xxu||||| |||| 00| 0 eng d | ||
| 020 | _a9780321348272 | ||
| 050 |
_aHB172.5 _b .E43 2006 |
||
| 100 | _a Ekelund, Robert B. (Robert Burton), 1940- | ||
| 245 |
_aMacroeconomics : _bprivate markets and public choice / _cRobert B. Ekelund, Jr., Rand W. Ressler, Robert D. Tollison |
||
| 250 | _a7th ed | ||
| 260 |
_aBoston, Mass. : _bPearson/Addison-Wesley, _c2006 |
||
| 300 |
_axxxi, 838 p. : _bill. ; _c26 cm |
||
| 440 | _aAddison-Wesley series in economics | ||
| 500 | _aProfessional copy | ||
| 500 | _aIncludes bibliographical references and index | ||
| 650 | _aMacroeconomics | ||
| 700 | _aTollison, Robert D | ||
| 700 | _aRessler, Rand W | ||
| 942 |
_2lcc _cBK |
||
| 999 |
_c47330 _d47330 |
||